000 00918nam a2200253Ia 4500
003 OSt
005 20220923211250.0
006 a|||||r|||| 00| 0
007 ta
008 Pun
020 _a9788178563367 (hbk)
_c250
024 _a280,646
037 _b804, 09/03/2014, H.K. Prakashan
_cTextual
040 _aARTS
_cARTS
_bPun
041 _2Pun
_aPun
082 _aO153,3:g, Q2
100 _aਸਿੰਘ, ਬ੍ਰਹਮਜਗਦੀF
_9160097
245 0 _aਪੰਜਾਬੀ ਨਾਵਲ * ਸਿਧਾਂਤ, ਇਤਿਹਾਸ ਅਤੇ ਪ੍ਰਵਿਰਤੀਆਂ
260 _aਅੰਮ੍ਰਿਤਸਰ
_b ਵਾਰਿਸ Fਾਹ ਖ਼ਾੳ੍ਵਡੇFਨ
_c2012
300 _a176ਪੰ
_ccm.
650 _aਪੰਜਾਬੀ ਸਾਹਿਤ
942 _hO153,3:g, Q2
_cTEXL
_2CC
999 _c297916
_d297916